[Event "Titled Tuesday intern op 23rd Jul Early"]
[Site "Chess.com INT"]
[Date "2024.07.23"]
[Round "6"]
[White "Concio, Michael Jr"]
[Black "Schlecht, Daniel"]
[Result "1-0"]
[WhiteElo "2373"]
[BlackElo "2371"]
[PlyCount "133"]
[EventDate "2024.07.23"]
[EventType "swiss (blitz)"]
[EventRounds "11"]
[EventCountry "USA"]
[SourceTitle "EXT 2025"]
[Source "ChessBase"]
[SourceDate "2024.10.14"]
[SourceVersion "1"]
[SourceVersionDate "2024.10.14"]
[SourceQuality "1"]

1. e4 c6 2. d4 d5 3. e5 Bf5 4. g4 Be4 5. f3 Bg6 6. h4 h5 7. Bd3 Bxd3 8. Qxd3 e6 9. g5 Ne7 10. Ne2 g6 11. Be3 Nf5 12. Bf2 Qb6 13. Qb3 Nd7 14. Nd2 c5 15. c3 c4 16. Qc2 Qd8 17. Nf1 Be7 18. Ne3 Nxe3 19. Bxe3 0-0 20. Nf4 Kg7 21. b3 b5 22. bxc4 bxc4 23. Qa4 Qc7 24. Qa6 Qb6 25. Qa4 Qc7 26. Kd2 Rfb8 27. Rhb1 Rb6 28. Rxb6 Nxb6 29. Qa6 Qc8 30. Qxc8 Rxc8 31. Rb1 Rb8 32. Rb5 Nd7 33. Ra5 Rb7 34. Kc2 Kf8 35. Bc1 Ke8 36. Ba3 Bxa3 37. Rxa3 Kd8 38. Ra6 Kc7 39. Nxe6+ fxe6 40. Rxe6 Rb6 41. Re7 Kd8 42. Rg7 Re6 43. f4 a5 44. Rh7 Ke8 45. f5 gxf5 46. Rxh5 f4 47. Rh7 Re7 48. Rh6 f3 49. Kd2 Nf8 50. Ke3 Rf7 51. Kf2 Rf5 52. Rd6 Ke7 53. Rf6 Rxf6 54. exf6+ Kf7 55. Kxf3 Ne6 56. Kg4 Nxd4 57. h5 Ne6 58. Kf5 Nd4+ 59. Kg4 Ne6 60. Kf5 Nd4+ 61. Ke5 Ne2 62. Kxd5 Nxc3+ 63. Ke5 Nxa2 64. g6+ Kg8 65. f7+ Kg7 66. h6+ Kf8 67. Kf6 1-0

[Event "Titled Tuesday intern op 23rd Jul Early"]
[Site "Chess.com INT"]
[Date "2024.07.23"]
[Round "1"]
[White "Kushko, Dmitriy"]
[Black "Schlecht, Daniel"]
[Result "1-0"]
[WhiteElo "2444"]
[BlackElo "2371"]
[PlyCount "53"]
[EventDate "2024.07.23"]
[EventType "swiss (blitz)"]
[EventRounds "11"]
[EventCountry "USA"]
[SourceTitle "EXT 2025"]
[Source "ChessBase"]
[SourceDate "2024.10.14"]
[SourceVersion "1"]
[SourceVersionDate "2024.10.14"]
[SourceQuality "1"]

1. Nf3 d5 2. e3 c6 3. c4 Nf6 4. Nc3 Nbd7 5. cxd5 cxd5 6. d4 e6 7. Bd3 Be7 8. 0-0 0-0 9. Bd2 a6 10. a4 Nb6 11. a5 Nc4 12. Bxc4 dxc4 13. Ne5 Qc7 14. Qe2 Bd7 15. Nxc4 Rad8 16. Rfc1 Bc6 17. Ne5 Nd7 18. Nxc6 Qxc6 19. e4 Qd6 20. Be3 Rc8 21. f4 g6 22. e5 Qb8 23. d5 exd5 24. Nxd5 Rfe8 25. Qg4 Rxc1+ 26. Rxc1 Nf8 27. Rc8 1-0

[Event "Titled Tuesday intern op 23rd Jul Early"]
[Site "Chess.com INT"]
[Date "2024.07.23"]
[Round "2"]
[White "Schlecht, Daniel"]
[Black "Baliga, Zubin"]
[Result "0-1"]
[WhiteElo "2371"]
[BlackElo "1931"]
[PlyCount "90"]
[EventDate "2024.07.23"]
[EventType "swiss (blitz)"]
[EventRounds "11"]
[EventCountry "USA"]
[SourceTitle "EXT 2025"]
[Source "ChessBase"]
[SourceDate "2024.10.14"]
[SourceVersion "1"]
[SourceVersionDate "2024.10.14"]
[SourceQuality "1"]

1. e4 e5 2. Nf3 Nc6 3. Bc4 Bc5 4. c3 Nf6 5. d4 exd4 6. cxd4 Bb4+ 7. Kf1 d5 8. exd5 Nxd5 9. a3 Be7 10. Nc3 Be6 11. Bd3 Qd7 12. Be3 0-0 13. h4 Bg4 14. Ne4 Nf6 15. Nc5 Bxc5 16. dxc5 Rad8 17. Be2 Qf5 18. Qc1 Ne5 19. Nxe5 Bxe2+ 20. Kxe2 Qxe5 21. Kf1 Ng4 22. Rh3 f5 23. Bf4 Qd4 24. Be3 Nxe3+ 25. Qxe3 Qxb2 26. Re1 Rde8 27. Qb3+ Qxb3 28. Rxb3 Rxe1+ 29. Kxe1 b6 30. cxb6 axb6 31. Rc3 Rf7 32. Ke2 g6 33. Kf3 Kg7 34. Kf4 Kf6 35. f3 Re7 36. g4 fxg4 37. fxg4 Ke6 38. Kg5 c5 39. a4 Kd5 40. Kf6 Rc7 41. Rc1 c4 42. Rd1+ Kc5 43. Rb1 c3 44. Ke5 c2 45. Rc1 Kb4 0-1

[Event "BL2-West 2324"]
[Site "Germany"]
[Date "2024.03.17"]
[Round "10.3"]
[White "Schlecht, Daniel"]
[Black "Koch, Thomas"]
[Result "1/2-1/2"]
[WhiteElo "2370"]
[BlackElo "2426"]
[PlyCount "33"]
[EventDate "2023.10.21"]
[EventType "team-tourn"]
[EventRounds "10"]
[EventCountry "GER"]
[SourceTitle "EXT 2025"]
[Source "ChessBase"]
[SourceDate "2024.10.14"]
[SourceVersion "1"]
[SourceVersionDate "2024.10.14"]
[SourceQuality "1"]
[WhiteTeam "Solingen II"]
[BlackTeam "Aachen"]
[WhiteTeamCountry "GER"]
[BlackTeamCountry "GER"]

1. Nf3 Nf6 2. c4 c5 3. Nc3 g6 4. e4 d6 5. d4 cxd4 6. Nxd4 Bg7 7. Be2 Nc6 8. Be3 0-0 9. 0-0 Bd7 10. Qd2 Nxd4 11. Bxd4 Bc6 12. f3 Qa5 13. a3 Rac8 14. b4 Qd8 15. Rac1 h5 16. Rfd1 Kh7 17. Be3 1/2-1/2

[Event "BL2-West 2324"]
[Site "Germany"]
[Date "2024.02.04"]
[Round "6.6"]
[White "Korotkjevich, Stanislav"]
[Black "Schlecht, Daniel"]
[Result "1/2-1/2"]
[WhiteElo "2365"]
[BlackElo "2370"]
[PlyCount "24"]
[EventDate "2023.10.21"]
[EventType "team-tourn"]
[EventRounds "10"]
[EventCountry "GER"]
[SourceTitle "EXT 2025"]
[Source "ChessBase"]
[SourceDate "2024.10.14"]
[SourceVersion "1"]
[SourceVersionDate "2024.10.14"]
[SourceQuality "1"]
[WhiteTeam "Porz SG"]
[BlackTeam "Solingen II"]
[WhiteTeamCountry "GER"]
[BlackTeamCountry "GER"]

1. d4 d5 2. Nf3 Nf6 3. e3 c6 4. Bd3 Bg4 5. Nbd2 e6 6. b3 Nbd7 7. Bb2 Bd6 8. c4 Bh5 9. 0-0 0-0 10. Qc2 Bg6 11. e4 dxe4 12. Nxe4 Nxe4 1/2-1/2

[Event "BL2-West 2324"]
[Site "Germany"]
[Date "2023.10.21"]
[Round "1.4"]
[White "Fritsche, Lutz"]
[Black "Schlecht, Daniel"]
[Result "0-1"]
[WhiteElo "2322"]
[BlackElo "2370"]
[PlyCount "52"]
[EventDate "2023.10.21"]
[EventType "team-tourn"]
[EventRounds "10"]
[EventCountry "GER"]
[SourceTitle "EXT 2025"]
[Source "ChessBase"]
[SourceDate "2024.10.14"]
[SourceVersion "1"]
[SourceVersionDate "2024.10.14"]
[SourceQuality "1"]
[WhiteTeam "Koblenz"]
[BlackTeam "Solingen II"]
[WhiteTeamCountry "GER"]
[BlackTeamCountry "GER"]

1. e4 e5 2. Nf3 Nc6 3. Bb5 a6 4. Ba4 Nf6 5. 0-0 Be7 6. Re1 b5 7. Bb3 0-0 8. Nc3 d6 9. h3 Na5 10. d3 h6 11. Bd2 Nxb3 12. axb3 Bb7 13. b4 Re8 14. Ne2 Bf8 15. Ng3 c5 16. Bc3 Qc7 17. Qd2 a5 18. Rxa5 Rxa5 19. bxa5 b4 20. Bxb4 cxb4 21. Qxb4 d5 22. Qb3 Rb8 23. Qa4 Bc6 24. Qa2 Ra8 25. a6 dxe4 26. dxe4 Bb7 0-1

[Event "Titled Tuesday intern op 05th Sep Early"]
[Site "Chess.com INT"]
[Date "2023.09.05"]
[Round "2"]
[White "Skvortsov, Andrei"]
[Black "Schlecht, Daniel"]
[Result "1-0"]
[WhiteElo "2294"]
[BlackElo "2370"]
[PlyCount "55"]
[EventDate "2023.09.05"]
[EventType "swiss (blitz)"]
[EventRounds "11"]
[EventCountry "USA"]
[SourceTitle "EXT 2024"]
[Source "ChessBase"]
[SourceDate "2023.10.10"]
[SourceVersion "1"]
[SourceVersionDate "2023.10.10"]
[SourceQuality "1"]

1. e4 e6 2. d4 d5 3. exd5 exd5 4. Nf3 Nf6 5. Bd3 Be7 6. 0-0 0-0 7. Ne5 c6 8. Nd2 Nbd7 9. Ndf3 Nxe5 10. Nxe5 Be6 11. c3 h6 12. f4 Ne4 13. f5 Bc8 14. Qg4 Nf6 15. Qg3 Kh8 16. a4 c5 17. Be3 c4 18. Bc2 Bd6 19. Qh3 Kh7 20. g4 Ne4 21. f6 gxf6 22. Bxh6 Rh8 23. Nxf7 Qe8 24. Nxh8 Kxh8 25. Bxe4 dxe4 26. Bf8+ Kg8 27. Bxd6 Qg6 28. Qh5 1-0

[Event "Titled Tuesday intern op 01st Aug Early"]
[Site "Chess.com INT"]
[Date "2023.08.01"]
[Round "1"]
[White "Schlecht, Daniel"]
[Black "Jaracz, Pawel"]
[Result "1-0"]
[WhiteElo "2370"]
[BlackElo "2472"]
[PlyCount "98"]
[EventDate "2023.08.01"]
[EventType "swiss (blitz)"]
[EventRounds "11"]
[EventCountry "USA"]
[SourceTitle "EXT 2024"]
[Source "ChessBase"]
[SourceDate "2023.10.10"]
[SourceVersion "1"]
[SourceVersionDate "2023.10.10"]
[SourceQuality "1"]

1. c4 e6 2. Nc3 d5 3. d4 Be7 4. Nf3 Nf6 5. Bf4 0-0 6. e3 Nbd7 7. c5 b6 8. b4 a5 9. a3 c6 10. Bd3 Nh5 11. 0-0 Nxf4 12. exf4 Ba6 13. g3 Qc8 14. Rb1 Bxd3 15. Qxd3 axb4 16. axb4 Qb7 17. Rfc1 Ra3 18. Qc2 Rfa8 19. Kg2 b5 20. h4 Bf6 21. h5 Qc7 22. Re1 h6 23. Ne5 Nf8 24. Qb2 Be7 25. Ra1 Rxa1 26. Rxa1 Rxa1 27. Qxa1 Bf6 28. Qa5 Bxe5 29. fxe5 Qc8 30. Qa7 f6 31. exf6 gxf6 32. Qe7 Nh7 33. Ne2 Ng5 34. Qxf6 Qf8 35. Qxf8+ Kxf8 36. Nf4 Kf7 37. Nd3 Ne4 38. Ne5+ Ke8 39. Nxc6 Nc3 40. Kf3 Kd7 41. Ne5+ Ke7 42. Ng4 Na2 43. Nxh6 Nxb4 44. Ng4 Nc6 45. Ke3 b4 46. Ne5 Na5 47. h6 Kf6 48. g4 b3 49. Kd3 Nb7 1-0

[Event "Titled Tuesday intern op 01st Aug Early"]
[Site "Chess.com INT"]
[Date "2023.08.01"]
[Round "5"]
[White "Sipila, Vilka"]
[Black "Schlecht, Daniel"]
[Result "1-0"]
[WhiteElo "2435"]
[BlackElo "2370"]
[PlyCount "63"]
[EventDate "2023.08.01"]
[EventType "swiss (blitz)"]
[EventRounds "11"]
[EventCountry "USA"]
[SourceTitle "EXT 2024"]
[Source "ChessBase"]
[SourceDate "2023.10.10"]
[SourceVersion "1"]
[SourceVersionDate "2023.10.10"]
[SourceQuality "1"]

1. e4 c6 2. d4 d5 3. e5 Bf5 4. h4 h5 5. Bd3 Bxd3 6. Qxd3 Qa5+ 7. c3 e6 8. Bg5 Ne7 9. Nd2 Nf5 10. Ngf3 Qa6 11. c4 Bb4 12. 0-0 Nd7 13. a3 Bxd2 14. Nxd2 dxc4 15. Nxc4 Nb6 16. b3 Nd5 17. Qf3 g6 18. Rfd1 b6 19. Rac1 Qb7 20. Ne3 0-0 21. g4 Ndxe3 22. fxe3 hxg4 23. Qxg4 c5 24. h5 cxd4 25. e4 Ne3 26. Qf4 Nxd1 27. Bf6 Kh7 28. hxg6+ fxg6 29. Qh4+ Kg8 30. Qh8+ Kf7 31. Qg7+ Ke8 32. Qxb7 1-0

[Event "Titled Tuesday intern op 25th Jul Early"]
[Site "Chess.com INT"]
[Date "2023.07.25"]
[Round "6"]
[White "Melikhov, Evgeny V"]
[Black "Schlecht, Daniel"]
[Result "0-1"]
[WhiteElo "2252"]
[BlackElo "2370"]
[PlyCount "52"]
[EventDate "2023.07.25"]
[EventType "swiss (blitz)"]
[EventRounds "11"]
[EventCountry "USA"]
[SourceTitle "EXT 2024"]
[Source "ChessBase"]
[SourceDate "2023.10.10"]
[SourceVersion "1"]
[SourceVersionDate "2023.10.10"]
[SourceQuality "1"]

1. d4 Nf6 2. c4 g6 3. Nc3 d5 4. cxd5 Nxd5 5. e4 Nxc3 6. bxc3 Bg7 7. Bc4 0-0 8. Ne2 c5 9. Be3 Nc6 10. h4 cxd4 11. cxd4 Qa5+ 12. Kf1 b5 13. Bb3 Ba6 14. h5 b4 15. hxg6 hxg6 16. Rc1 Rac8 17. Bh6 Nxd4 18. Bxg7 Bxe2+ 19. Kg1 Bxd1 20. Bxd4 e5 21. Rxd1 exd4 22. g3 Qe5 23. Rh4 Kg7 24. Kg2 Rh8 25. Rf4 f6 26. Kf3 Rc3+ 0-1

[Event "Titled Tuesday intern op 25th Jul Early"]
[Site "Chess.com INT"]
[Date "2023.07.25"]
[Round "4"]
[White "Schlecht, Daniel"]
[Black "Eggleston, Thomas"]
[Result "0-1"]
[WhiteElo "2370"]
[BlackElo "2215"]
[PlyCount "60"]
[EventDate "2023.07.25"]
[EventType "swiss (blitz)"]
[EventRounds "11"]
[EventCountry "USA"]
[SourceTitle "EXT 2024"]
[Source "ChessBase"]
[SourceDate "2023.10.10"]
[SourceVersion "1"]
[SourceVersionDate "2023.10.10"]
[SourceQuality "1"]

1. Nf3 Nf6 2. c4 e6 3. Nc3 c5 4. d4 d5 5. cxd5 Nxd5 6. e4 Nxc3 7. bxc3 cxd4 8. cxd4 Bb4+ 9. Bd2 Bxd2+ 10. Qxd2 0-0 11. Bc4 Nd7 12. 0-0 b6 13. a4 Bb7 14. Rfe1 Rc8 15. Bd3 Qe7 16. a5 Rfd8 17. axb6 axb6 18. Ra7 Rc7 19. h4 e5 20. d5 Nc5 21. Bb5 f5 22. exf5 Bxd5 23. Rxc7 Qxc7 24. Qe3 e4 25. Nd4 Qf7 26. g4 h6 27. Kh2 Bc4 28. Bxc4 Qxc4 29. g5 Qxd4 30. Qf4 Qd6 0-1

[Event "BL2-West 2122"]
[Site "Germany"]
[Date "2022.05.01"]
[Round "4.4"]
[White "Schlecht, Daniel"]
[Black "Dgebuadze, Alexandre"]
[Result "1/2-1/2"]
[WhiteElo "2376"]
[BlackElo "2464"]
[PlyCount "116"]
[EventDate "2022.03.05"]
[EventType "team-tourn"]
[EventRounds "10"]
[EventCountry "GER"]
[SourceTitle "EXT 2023"]
[Source "ChessBase"]
[SourceDate "2022.10.05"]
[SourceVersion "1"]
[SourceVersionDate "2022.10.05"]
[SourceQuality "1"]
[WhiteTeam "Solingen II"]
[BlackTeam "Remagen Sinzig"]
[WhiteTeamCountry "GER"]
[BlackTeamCountry "GER"]

1. d4 e6 2. c4 Bb4+ 3. Nd2 b6 4. a3 Bxd2+ 5. Qxd2 Bb7 6. Nf3 Nf6 7. e3 d6 8. Be2 Nc6 9. b4 Ne7 10. 0-0 0-0 11. a4 Ne4 12. Qc2 f5 13. Ne1 Nc6 14. f3 Ng5 15. b5 Nb4 16. Qb3 c5 17. Bd2 a5 18. bxa6 Nxa6 19. a5 Nb8 20. dxc5 dxc5 21. Bc3 Nf7 22. Qxb6 Qxb6 23. axb6 Rxa1 24. Bxa1 Nd7 25. Nd3 Ra8 26. Rd1 e5 27. f4 e4 28. Ne5 Nxb6 29. Nxf7 Kxf7 30. Be5 Bc8 31. Rd6 Nd7 32. Rc6 Nxe5 33. fxe5 Be6 34. Rc7+ Kf8 35. Rxc5 f4 36. exf4 e3 37. g4 Ra1+ 38. Kg2 Ra2 39. Kf3 Bxg4+ 40. Kxg4 Rxe2 41. Kf3 Re1 42. e6 e2 43. f5 g6 44. Re5 gxf5 45. Rxe2 Rc1 46. Kf4 Rxc4+ 47. Kxf5 Ke7 48. Kg5 Rc6 49. Kf5 Rc4 50. h3 Rh4 51. Re3 Rh5+ 52. Kg4 Rh6 53. Kg5 Rxe6 54. Rxe6+ Kxe6 55. Kh6 Kf5 56. h4 Kg4 57. h5 Kh4 58. Kxh7 Kxh5 1/2-1/2

[Event "BL2-West 1920"]
[Site "Germany"]
[Date "2020.03.01"]
[Round "7.4"]
[White "Stark, Lars"]
[Black "Schlecht, Daniel"]
[Result "1/2-1/2"]
[WhiteElo "2381"]
[BlackElo "2377"]
[PlyCount "22"]
[EventDate "2019.09.19"]
[EventType "team-tourn"]
[EventRounds "9"]
[EventCountry "GER"]
[SourceTitle "EXT 2023"]
[Source "ChessBase"]
[SourceDate "2022.10.05"]
[SourceVersion "1"]
[SourceVersionDate "2022.10.05"]
[SourceQuality "1"]
[WhiteTeam "Duesseldorf"]
[BlackTeam "Solingen II"]
[WhiteTeamCountry "GER"]
[BlackTeamCountry "GER"]

1. c4 c6 2. Nf3 d5 3. g3 Bg4 4. Bg2 e6 5. 0-0 Nf6 6. Qb3 Qb6 7. Qc2 Nbd7 8. d3 dxc4 9. Qxc4 Bxf3 10. Bxf3 Ne5 11. Qf4 Nxf3+ 1/2-1/2

[Event "BL2-West 1718"]
[Site "Germany"]
[Date "2018.01.21"]
[Round "5.4"]
[White "Wacker, Peter"]
[Black "Schlecht, Daniel"]
[Result "1/2-1/2"]
[WhiteElo "2323"]
[BlackElo "2378"]
[PlyCount "65"]
[EventDate "2017.10.08"]
[EventType "team-tourn"]
[EventRounds "9"]
[EventCountry "GER"]
[SourceTitle "CBM 183 Extra"]
[Source "ChessBase"]
[SourceDate "2018.04.19"]
[SourceVersion "1"]
[SourceVersionDate "2018.04.19"]
[SourceQuality "1"]
[WhiteTeam "Koeln SF"]
[BlackTeam "Solingen"]
[WhiteTeamCountry "GER"]
[BlackTeamCountry "GER"]

1. e4 c6 2. d4 d5 3. Nd2 dxe4 4. Nxe4 Bf5 5. Ng3 Bg6 6. Nh3 Nf6 7. Bc4 Nbd7 8. 0-0 e6 9. Nf4 Qc7 10. Bb3 Bd6 11. Qf3 0-0-0 12. Nxg6 hxg6 13. Bg5 c5 14. c3 Kb8 15. h3 Rc8 16. Ne4 Nxe4 17. Qxe4 Rh5 18. Bd2 Nf6 19. Qf3 Rch8 20. Rfc1 Bh2+ 21. Kf1 Rf5 22. Qd3 Bf4 23. dxc5 Bxd2 24. Qxd2 Rd8 25. Qe3 Qh2 26. f3 Qc7 27. Rd1 Rc8 28. Rd2 Rxc5 29. Rad1 Qg3 30. Rd8 Qc7 31. R8d7 Qg3 32. Rd8 Qc7 33. R1d7 1/2-1/2

[Event "BL2-West 1718"]
[Site "Germany"]
[Date "2017.12.10"]
[Round "4.4"]
[White "Schlecht, Daniel"]
[Black "Piceu, Tom"]
[Result "1/2-1/2"]
[WhiteElo "2378"]
[BlackElo "2356"]
[PlyCount "120"]
[EventDate "2017.10.08"]
[EventType "team-tourn"]
[EventRounds "9"]
[EventCountry "GER"]
[SourceTitle "CBM 183 Extra"]
[Source "ChessBase"]
[SourceDate "2018.04.19"]
[SourceVersion "1"]
[SourceVersionDate "2018.04.19"]
[SourceQuality "1"]
[WhiteTeam "Solingen"]
[BlackTeam "Aachen SV"]
[WhiteTeamCountry "GER"]
[BlackTeamCountry "GER"]

1. d4 Nf6 2. c4 c5 3. d5 b5 4. cxb5 a6 5. b6 d6 6. Nc3 g6 7. e4 Bg7 8. Nf3 Nbd7 9. a4 Qxb6 10. Nd2 0-0 11. a5 Qa7 12. Nc4 Rb8 13. Bd3 Ne8 14. 0-0 Nc7 15. Bg5 Re8 16. Na4 Ne5 17. Rb1 Nb5 18. Be3 e6 19. Nxe5 Bxe5 20. b4 exd5 21. exd5 Qc7 22. Rc1 Bb7 23. bxc5 dxc5 24. Nxc5 Bxh2+ 25. Kh1 Be5 26. Bxb5 axb5 27. Nxb7 Qxb7 28. Bb6 Bd6 29. Rc6 Qd7 30. Qf3 Re5 31. Rd1 Rbe8 32. Be3 Rf5 33. Qe2 Rh5+ 34. Kg1 Bh2+ 35. Kf1 Bb8 36. Qf3 Rxe3 37. Qxe3 Rh1+ 38. Ke2 Rxd1 39. Kxd1 Qxd5+ 40. Qd2 Qxc6 41. Qd8+ Kg7 42. Qxb8 Qd5+ 43. Ke2 Qa2+ 44. Ke3 Qxa5 45. Qe5+ Kf8 46. Qd6+ Ke8 47. Qe5+ Kd7 48. Qd5+ Kc8 49. Qc6+ Kb8 50. Qe8+ Kb7 51. Qd7+ Qc7 52. Qxb5+ Qb6+ 53. Qxb6+ Kxb6 54. Kd4 Kc6 55. Ke5 Kd7 56. Kf6 Ke8 57. Kg7 h5 58. Kf6 Kf8 59. f4 Kg8 60. f5 gxf5 1/2-1/2

[Event "BL2-West 1617"]
[Site "Germany"]
[Date "2017.03.19"]
[Round "7.5"]
[White "Schlecht, Daniel"]
[Black "Hovhannisyan, Mher"]
[Result "1/2-1/2"]
[WhiteElo "2376"]
[BlackElo "2458"]
[PlyCount "21"]
[EventDate "2016.10.16"]
[EventType "team-tourn"]
[EventRounds "9"]
[EventCountry "GER"]
[SourceTitle "EXT 2018"]
[Source "ChessBase"]
[SourceDate "2017.10.13"]
[SourceVersion "1"]
[SourceVersionDate "2017.10.13"]
[SourceQuality "1"]
[WhiteTeam "Solingen II"]
[BlackTeam "Wuerselen"]
[WhiteTeamCountry "GER"]
[BlackTeamCountry "GER"]

1. d4 d5 2. c4 c6 3. Nf3 Nf6 4. e3 a6 5. Bd3 Bg4 6. 0-0 e6 7. Nbd2 Nbd7 8. b3 Bd6 9. Qc2 Qb8 10. Bb2 0-0 11. h3 1/2-1/2